00233nam a2200109Ia 4500100001500000366000700015245004500022260001700067082001400084300000800098546001700106 aLathi/B.P  f20 aPrinciples of Linear systems and signals bOxfordc2009 a3.74bLAT a969 aENGLISHcTTL